000 00415nam a2200157Ia 4500
008 230917s9999||||xx |||||||||||||| ||und||
040 _e149174
_aMAIN
041 _aEnglish
082 _a332.041 B623V
100 _aBloomfield, Stephen
245 0 _aVenture capital funding: a practical guide to raising finance
250 _a2nd ed.
260 _aLondon
_bKogan Page
_c2009
300 _a244p p.
942 _cBK
999 _c152594
_d152594